Statistiques concernant Ville par monument #2

Cliquez ici pour prendre le quiz!

Statistiques générales

  • Ce quiz a été pris 604 fois
  • Le résultat moyen est 9 sur 15

Statistiques - réponses

MonumentVille% Correct
Buckingham PalaceLondres
100%
Empire State BuildingNew York
97%
KremlinMoscou
92%
Pyramide de KhéopsGizeh
90%
Lincoln MemorialWashington
83%
Jardins suspendusBabylone
77%
Stade MaracanãRio de Janeiro
74%
Notre-Dame de la GardeMarseille
71%
La Petite SirèneCopenhague
70%
Ponte VecchioFlorence
50%
KaabaLa Mecque
35%
Montagne de la TableLe Cap
20%
Armée de Terre CuiteXi'an
20%
Wat ArunBangkok
13%
RégistanSamarcande
5%

Distribution des résultats

Percentile par nombre de réponses

% des personnes avec chaque résultat

Votre développement - résultats

Vous n’avez pas pris ce quiz